00576 2200193 4500001002100000005001500021035002000036007000300056008003900059082001000098084001700108100001800125245010200143260005800245300004500303650001100348650001000359022001300369INLIS00000000000094820240909091015 a0010-0924000026ta240909 | | |  a635.6 a635.6 ZAK d0 aZakirul Islam1 aDevelopment of a small-scale cherry tomato cultivation method using organic soil /cZakirul Islam aNetherlands, Dordrecht :bSpringer Nature B.V.,c2023 a237-246 hlm, :bilus, ;c21 cm X 29,5 cm 4aJurnal 4aTomat a18794246